000 04370cam a22006372i 4500
999 _c1342
_d1342
001 022272010
003 UkOxU
005 20210625105200.0
006 m o d
007 cr |n|---|||||
008 110205s2010 xx ob 001 0 eng d
015 _aGBB0A0931
_2bnb
016 7 _a015634257
_2Uk
035 _a(OCoLC)700707096
_z(OCoLC)705515550
_z(OCoLC)710992213
_z(OCoLC)746579358
_z(OCoLC)761187619
_z(OCoLC)816643169
_z(OCoLC)821633981
_z(OCoLC)1047672655
_z(OCoLC)1112945323
037 _a299960
_bMIL
040 _aMERUC
_beng
_epn
_cMERUC
_dEBLCP
_dYDXCP
_dGUA
_dOCLCQ
_dUKPGM
_dOCLCQ
_dDEBSZ
_dOCLCF
_dOCLCO
_dDKDLA
_dOCLCQ
_dOCLCO
_dIDEBK
_dU9X
_dOCLCO
_dN$T
_dCDX
_dE7B
_dOCLCE
_dREDDC
_dOCLCO
_dOCLCQ
_dOCLCO
_dOCLCQ
_dOCLCO
_dGW5XE
_dOCLCO
_dOCLCQ
_dVT2
_dCNMTR
_dOCLCQ
_dOCLCO
_dOCLCQ
_dOCL
_dUHL
_dOCL
_dOCLCQ
043 _aec-----
_aee-----
049 _aEQOA
050 4 _aHG 181
_b.M57 2009
072 7 _aBUS
_x004000
_2bisacsh
082 0 4 _a332.10943
092 _aWMS700707096
100 _aFrederic S Mishkin
245 0 0 _aThe economics of money, banking, and financial markets and Institutions
_cFrederic S Mishkin; Stanley G Eakins
250 _a4th Canadian ed.
260 _aToronto, Ontario
_bAddison Wesley
_c2012
300 _a484p
336 _atext
_btxt
_2rdacontent
337 _acomputer
_bc
_2rdamedia
338 _aonline resource
_bcr
_2rdacarrier
490 1 _aPalgrave Macmillan studies in banking and financial institutions
504 _aIncludes bibliographical references and index.
505 0 _aCover; Contents; List of Figures and Tables; Notes on Contributors; 1 Introduction; 2 The Spread of the Financial Crisis to Central and Eastern Europe: Evidence from the BIS Data; 3 Are Product Market Structures Affected by Banking Concentration: Evidence from Transition Countries; 4 Financing Constraints, Credit, Rationing, and Financing Obstacles: Evidence from Firm Level Data in South Eastern Europe; 5 Efficiency, Persistence and Predictability of Central European Stock Markets; 6 Non-Linear Stock Market Co-Movement in Central and East European Countries.
505 8 _a7 Cross-Country Versus Cross-Regional Convergence in the European Union: An Empirical Exploration8 Price- and News-Based Measures of Financial Integration among New EU Member States and the Euro Area; 9 Exports and Economic Growth of East European Economies, 1996-2007; 10 Inflation Convergence in the New EU Member States from Central and Eastern Europe; 11 Persistent Differential Inflation Rates in the New Euro Member Countries: The Phillips Curve before and after Adopting the Euro; 12 Implications of Volatility for Uncovered Interest Parity Testing; Index.
520 _aThis book provides a deep insight into the market changes and policy challenges that transition economies have undergone in the last twenty years. It not only comments on and evaluates the development of financial markets in transition economies, but also highlights the key obstacles to full integration of financial markets into the EU market.
588 _aDescription based on print version record.
650 0 _aBanks and banking
_zEurope, Central
_xHistory.
650 0 _aBanks and banking
_zEurope, Eastern
_xHistory.
650 7 _aBanking
_zCentral Europe
_zEastern Europe.
_2bicssc
650 7 _aDevelopment economics
_zCentral Europe
_zEastern Europe.
_2bicssc
650 7 _aFinancial crises & disasters
_zCentral Europe
_zEastern Europe.
_2bicssc
650 7 _aBUSINESS & ECONOMICS
_xBanks & Banking.
_2bisacsh
650 7 _aFinance and Accounting.
_2eflch
650 7 _aBanks and banking.
_2fast
_0(OCoLC)fst00826867
650 7 _aEconomic history.
_2fast
_0(OCoLC)fst00901974
651 0 _aEurope, Central
_xEconomic conditions.
651 0 _aEurope, Eastern
_xEconomic conditions.
651 7 _aCentral Europe.
_2fast
_0(OCoLC)fst01244544
651 7 _aEastern Europe.
_2fast
_0(OCoLC)fst01245079
655 7 _aHistory.
_2fast
_0(OCoLC)fst01411628
700 1 _aStanley G Eakins
776 0 8 _iPrint version:
_aMatousek, Roman.
_tMoney, Banking and Financial Markets in Central and Eastern Europe : 20 Years of Transition.
_dBasingstoke : Palgrave Macmillan, ©2010
_z9780230231689
830 0 _aPalgrave Macmillan studies in banking and financial institutions.
856 4 0 _3SpringerLink eBooks
_uhttp://link.springer.com/10.1057/9780230302211
942 _2lcc
_cBK
_nMW